[Event "110th Anniversary Open 2020"]
[Site "Hilleroed"]
[Date "2020.02.13"]
[Round "7.11"]
[White "Sorensen, Esben Lauge"]
[Black "Andersen, Soren Bull"]
[Result "0-1"]
[WhiteElo "1943"]
[BlackElo "2100"]
[Annotator "TA"]
[PlyCount "56"]
[EventDate "2020.02.08"]
[EventType "swiss"]
[EventCountry "DEN"]
[SourceTitle "playchess.com"]
[Source "ChessBase"]
[SourceQuality "1"]

{[%evp 13,56,14,22,0,75,4,60,34,90,64,109,99,89,85,104,104,101,100,93,-105,-114,-110,-102,-117,-112,-247,-243,-257,-187,-193,-196,-237,-245,-218,-214,-211,-237,-300,-287,-652,-257,-1240,-1108,-1137,-1045]} 1. d4 Nf6 2. c4 g6 3. Nc3 d5 4. Nf3 Bg7 5. Qb3 dxc4 6. Qxc4 O-O 7. e4 b6 8. Bf4 {D97: Grünfeld: Russian System: 7 e4, replies other than 7...Bg4.} c6 {[#]} (8... Bb7 $11 {remains equal.}) 9. Qd3 $146 (9. Rd1 $16) ({Predecessor:} 9. Qa4 Bb7 10. Be2 Nbd7 11. Rd1 Nh5 12. Bg5 h6 13. Be3 Qc7 14. e5 c5 15. Qc4 Rac8 {1-0 (35) Reilly,T (2098)-He,C (1626) Tauranga 2020}) 9... Nbd7 (9... c5 $11) 10. h3 {White is slightly better.} a5 (10... e6 $14) 11. Be2 c5 12. d5 Ba6 13. Qe3 c4 14. O-O Nc5 15. Ne5 Ncxe4 {[#]} 16. Nxe4 $2 (16. Nc6 $1 $16 {[%cal Rc6d8] is necessary to keep the advantage.} Qd7 17. Bf3 (17. Nxe4 $2 Nxd5 18. Qg3 Nxf4 $19)) 16... Nxd5 $17 17. Qg3 Nxf4 18. Qxf4 {[#]} Qb8 $1 19. Nc3 (19. Nxg6 $17 fxg6 20. Qc1) 19... Bxe5 $19 20. Qh4 Bxc3 21. bxc3 b5 22. a4 b4 23. cxb4 Qxb4 {aiming for ...c3.} ({Much less strong is} 23... axb4 24. Bxc4 Bxc4 25. Qxc4 $17) 24. Rfb1 Qc5 25. Rc1 {[%cal Re2c4]} Rfc8 26. Rc3 $2 (26. Qg4) 26... Rab8 $2 (26... Qe5 27. Rac1 Qxe2) 27. Raa3 $2 (27. Re3) 27... Rb1+ 28. Kh2 Qe5+ {[%mdl 64] Double Attack. Accuracy: White = 33%, Black = 59%.} 0-1